000 00930nam a22002537a 4500
005 20130218144932.0
008 130218t xxu||||| |||| 00| 0 eng d
010 _aENG-106673
020 _a9788183293884
_c1200.00
035 _aEN-90206
037 _bDBAD / PUB
040 _adpl
_bEnglish
082 _a070.449796
100 _955100
_aPoonia, Meenakshi
245 _aSports journalism /
_cby Meenakshi Poonia [and] Pankaj Atrey
260 _aNew Delhi
_bShree Publishers & Distributors
_c2011
270 _a22/4735, Prakash Deep Building, Ansari Road, Daryaganj
_bNew Delhi
_e110002
300 _avi,336p.
_c22cm(Hb)
500 _aIncludes index
650 _955101
700 _aAtrey, Pankaj
_955146
942 _2ddc
_cEN
_mPOO
_h070.449796
999 _c73666
_d73666